GETS Theological Seminary Library

The fair face of evil : (Record no. 34652)

MARC details
000 -LEADER
fixed length control field 00547nam a2200193Ia 4500
008 - FIXED-LENGTH DATA ELEMENTS--GENERAL INFORMATION
fixed length control field 201221s9999||||xx |||||||||||||| ||und||
020 ## - INTERNATIONAL STANDARD BOOK NUMBER
International Standard Book Number 0551017864
020 ## - INTERNATIONAL STANDARD BOOK NUMBER
International Standard Book Number 9780551017863
041 ## - LANGUAGE CODE
Language code of text/sound track or separate title eng
050 ## - LIBRARY OF CONGRESS CALL NUMBER
Classification number BJ1401
Item number .W73 1989
100 ## - MAIN ENTRY--PERSONAL NAME
Personal name Wright, Nigel
245 #4 - TITLE STATEMENT
Title The fair face of evil :
Remainder of title putting the power of darkness in its place /
Statement of responsibility, etc. Nigel Wright
260 ## - PUBLICATION, DISTRIBUTION, ETC.
Place of publication, distribution, etc. London :
Name of publisher, distributor, etc. Marshall Pickering,
Date of publication, distribution, etc. 1989
300 ## - PHYSICAL DESCRIPTION
Extent 198 p.
Other physical details ;
Dimensions 20 cm.
650 ## - SUBJECT ADDED ENTRY--TOPICAL TERM
Topical term or geographic name entry element Devil Christianity.
650 ## - SUBJECT ADDED ENTRY--TOPICAL TERM
Topical term or geographic name entry element Devil.
650 ## - SUBJECT ADDED ENTRY--TOPICAL TERM
Topical term or geographic name entry element Good and evil.
Holdings
Withdrawn status Lost status Damaged status Not for loan Home library Current library Shelving location Date acquired Total Checkouts Full call number Barcode Date last seen Price effective from Koha item type
        GETS Theological Seminary Library GETS Theological Seminary Library General Stacks 12/21/2020   BJ1401 .W73 1989 00022415 12/21/2020 12/21/2020 English Books
OpacCredits

Contact the Librarian, GETS Library
Email: library@mygets.org









Implemented by GETS Library
(Powered by ETCA Professional Group)
GETS Theological Seminary
412 E. Rowland Street, CA 91723